000
00273nam a2200109Ia 4500
008
190913s9999||||xx |||||||||||||| ||und||
100
_a
J.H.Clemens
245
0
_a
Balance Sheets and the Lending Banker
260
_a
Karachi
_b
Union book
_c
2000
300
_a
579
942
_c
BK
999
_c
8090
_d
8090